Представление документа в формате RUSMARC

ПолеНазваниеЗначение
  Тип записи a
  Библиографический уровень m
001 Контрольный номер RU\NLR\BIBL_A\011526377
005 Дата корректировки 20201206205147.7
010 Индекс ISBN __
a ISBN 978-5-4448-0628-9 (в пер.)
d Цена 391-91, 5000 экз.
100 Данные общей обработки __
a Данные общей обработки 19190129d2017|||||||y0rusy0189 ca
101 Язык документа 0_
a Язык текста rus
102 Страна публикации __
a Страна публикации RU|
102 Страна публикации __
a Страна публикации RU
105 Кодированные данные (монография) __
a Кодированные данные (монография) ac||||||000zy
200 Заглавие и сведения об ответственности 1_
a Заглавие Хозяин земли русской?
e Сведения, относящиеся к заглавию самодержавие и бюрократия в эпоху модерна
f Первые сведения об ответственности Кирилл Соловьев
b Общее обозначение материала Текст
210 Выходные данные __
a Место издания Москва
c Издательство Новое литературное обозрение
d Дата издания 2017
215 Физическое описание __
a Объем 294, [1] с., [8] л. ил.
c Иллюстрации/тип воспроизводства цв. ил., портр.
d Формат 21 см
225 Серия __
a Серия Что такое Россия
320 Библиография __
a Библиография Библиография: с. 293-295 в конце книги
330 Аннотация __
a Аннотация В 1897 году в ходе первой всероссийской переписи населения Николай II в анкетной графе «род деятельности» написал знаменитые слова: "Хозяин земли русской". Но несмотря на формальное всевластие русского самодержца, он был весьма ограничен в свободе деятельности со стороны бюрократического аппарата. Российская бюрократия - в отсутствие сдерживающих ее правовых институтов - стала поистине всесильна. Книга известного историка Кирилла Соловьева дает убедительный коллективный портрет "министерской олигархии" конца XIX века и подробное описание отдельных ярких представителей этого сословия (М. Т. Лорис-Меликова, К. П. Победоносцева, В. К. Плеве, С. Ю. Витте и др.). Особое внимание автор уделяет механизмам принятия государственных решений, конфликтам бюрократии с обществом, внутриминистерским интригам. Слабость административной вертикали при внешне жесткой бюрократической системе, слабое знание чиновниками реалий российской жизни, законодательная анархия все эти факторы в итоге привели к падению монархии.
600 Персоналии __
a Персоналии (Фамилия) Николай II
c Дополнение к имени царь русский
f Даты 1868-1918
600 Персоналии __
a Персоналии (Фамилия) Лорис-Меликов, М. Т.
c Дополнение к имени государственный деятель русский
f Даты 1824-1888
g Полное имя Михаил Тариэлович
600 Персоналии __
a Персоналии (Фамилия) Победоносцев, К. П.
c Дополнение к имени правовед
f Даты 1827-1907
g Полное имя Константин Петрович
600 Персоналии __
a Персоналии (Фамилия) Плеве, В. К.
c Дополнение к имени государственный деятель русский
f Даты 1846-1904
g Полное имя Вячеслав Константинович
600 Персоналии __
a Персоналии (Фамилия) Витте, С. Ю.
c Дополнение к имени государственный деятель русский
f Даты 1849-1915
g Полное имя Сергей Юльевич
606 Тематические рубрики __
a Основная рубрика История
606 Тематические рубрики __
a Основная рубрика Россия в XVIII в. - 1917 г.
y Географическая подрубрика Россия
610 Ключевые слова __
a Ключевые слова бюрократия
610 Ключевые слова __
a Ключевые слова самодержавие
610 Ключевые слова __
a Ключевые слова персоналии
610 Ключевые слова __
a Ключевые слова государственные деятели
610 Ключевые слова __
a Ключевые слова история России
610 Ключевые слова __
a Ключевые слова российские императоры
610 Ключевые слова __
a Ключевые слова реформы
610 Ключевые слова __
a Ключевые слова Российская империя
610 Ключевые слова __
a Ключевые слова царская власть
610 Ключевые слова __
a Ключевые слова государственное управление
610 Ключевые слова __
a Ключевые слова исторические факты
610 Ключевые слова __
a Ключевые слова исполнительная власть
610 Ключевые слова __
a Ключевые слова политическая история
610 Ключевые слова __
a Ключевые слова министры
610 Ключевые слова __
a Ключевые слова цари
610 Ключевые слова __
a Ключевые слова законодательная власть
610 Ключевые слова __
a Ключевые слова политическое управление
686 Индексы других классификаций __
2 Код системы rubbks
a Классификационный индекс 63.3(2)522
700 Автор _1
a Фамилия Соловьев
b Имя К. А.
f Даты 1978-
g Полное личное имя Кирилл Андреевич
4 Код отношения 070
801 Источник записи _0
a Страна RU
b Организация NLR
c Дата составления 20190129
g Правила каталогизации PSBO
801 Источник записи _2
a Страна RU
b Организация Муниципальное бюджетное учреждение культуры "Централизованная библиотечная система" г. Сургут (Центральная городская библиотека им. А. С. Пушкина)
c Дата составления 20190129
852 Данные о местонахождении __
j Шифр хранения 63.3(2)522
i Авторский знак С 60
901 Тип документа __
a Ответственный КиК/Мамарузиева
t Тип документа m
903 Характеристики (МАРС) __
a Дата передачи 20190129
990 Данные о заказе (DOS) __
j Количество экземпляров (DOS) 1
t N записи в КСУ для И/У (DOS) 201901